Agricultural sustainability : Definition and implications for agricultural and trade policy

The notion of sustainability has been developing for some time in both economics and ecology literature. Much of the economics of renewable resource has been concerned with sustainable yields,...

Đã lưu trong:
書目詳細資料
主要作者: Yong, T.
格式: 圖書
語言:Undetermined
出版: Rome FAO 1992
主題:
標簽: 添加標簽
沒有標簽, 成為第一個標記此記錄!
Thư viện lưu trữ: Trung tâm Học liệu Trường Đại học Cần Thơ
LEADER 00826nam a2200205Ia 4500
001 CTU_142812
008 210402s9999 xx 000 0 und d
082 |a 330 
082 |b Y58 
100 |a Yong, T. 
245 0 |a Agricultural sustainability : 
245 0 |b Definition and implications for agricultural and trade policy 
245 0 |c T. Yong and M. P. Burton 
260 |a Rome 
260 |b FAO 
260 |c 1992 
520 |a The notion of sustainability has been developing for some time in both economics and ecology literature. Much of the economics of renewable resource has been concerned with sustainable yields,... 
650 |a Sustainable agriculture,Natural resources,Agriculture and state,Nông nghiệp bền vững 
904 |i Năm 
980 |a Trung tâm Học liệu Trường Đại học Cần Thơ